=LDR 00000nam 2200000 4500 =001 INLIS000000000035570 =005 20130612141421 =008 ***********************************ind** =035 ##$$0010-061300000035570 =041 ##$$a ind =082 ##$$a 324.6 =090 ##$$a 324.6, Kep k =245 ##$$a Keputusan presiden republik indonesia nomor 67 tahun 2002 tentang perubahan atas keputusan presiden nomor 16 tahun 1999 tentang pembentukan komisi pemilihan umum dan penetapan organisasi dan tata kerja sekretariat umum komisi pemilihan umum sebagaimana telah diubah dengan keputusan presiden nomor 81 tahun 2000 dan keputusan presiden republik indonesia nomor 70 tahun 2001 tentang pembentukan komisi pemilihan umum presiden republik indonesia =260 ##$$a 2002 $b Mataram =300 ##$$a 4 Hlm, 21 Cm =650 ##$$a Pemilihan Umum-undang-Undang Dan Peraturan =850 ##$$a NBPNMAT